书目信息 |
| 题名: |
中国文学发展史
|
|
| 作者: | 刘大杰 著 | |
| 分册: | 上 | |
| 出版信息: | 天津 百花文艺出版社 1999.02 |
|
| 页数: | 560页 | |
| 开本: | 32开 | |
| 丛书名: | ||
| 单 册: | ||
| 中图分类: | I209 | |
| 科图分类: | ||
| 主题词: | 文学--中国 | |
| 电子资源: | ||
| ISBN: | 7-5306-2750-3 | |
| 000 | 00535nam0 2200193 45 | |
| 001 | 0009021089 | |
| 005 | 20100323092501.42 | |
| 010 | @a7-5306-2750-3@d46.80元 | |
| 100 | @a20000902d1999 km y0chiy0120 ea | |
| 101 | 0 | @achi |
| 105 | @a z 000yy | |
| 200 | 1 | @a中国文学发展史@Azhong guo wen xue fa zhan shi@h上@f刘大杰著@FLiu DaJie Zhu |
| 210 | @a天津@c百花文艺出版社@d1999.02 | |
| 215 | @a560页@d32开 | |
| 606 | 0 | @a文学@x中国 |
| 690 | @aI209@v3 | |
| 701 | 0 | @a刘大杰@4著 |
| 801 | @aCN@b@c20100323 | |
| 905 | @dI209@eL342:1@b115148@f1 | |
| 中国文学发展史.上/刘大杰著.-天津:百花文艺出版社,1999.02 |
| 560页;32开 |
| ISBN 7-5306-2750-3:46.80元 |
| ● |
| 相关链接 |
|
|
|
正题名:中国文学发展史
索取号:I209/L342:1
 
预约/预借
| 序号 | 登录号 | 条形码 | 馆藏地/架位号 | 状态 | 备注 |
| 1 | 115145 | 201151458 | 文学库108/108文学库 11排3列1层/ [索取号:I209/L342:1] | 在馆 | |
| 2 | 115146 | 201151467 | 社科二线400B/400B社科库 12排1列1层/ [索取号:I209/L342:1] | 在馆 | |
| 3 | 115147 | 201151476 | 文学库108/108文学库 11排3列1层/ [索取号:I209/L342:1] | 在馆 | |
| 4 | 115148 | 201151485 | 文学库108/108文学库 11排3列1层/ [索取号:I209/L342:1] | 在馆 | |
| 5 | 115149 | 201151494 | 社科二线400B/400B社科库 12排1列1层/ [索取号:I209/L342:1] | 在馆 | |
| 6 | 115150 | 201151500 | 法学院资料室/ [索取号:I209/L342:1] | 在馆 |